| 000 | 00643nam a2200193 i 4500 | ||
|---|---|---|---|
| 001 | 24869 | ||
| 003 | ES-MaACL | ||
| 005 | 20240516101401.0 | ||
| 007 | t| | ||
| 008 | 021219s1946 sp ||||1| spa d | ||
| 245 | 0 | 0 |
_aAntología de poetas contemporáneos en lengua castellana / _cCésar González Ruano. |
| 260 |
_aBarcelona : _bGustavo Gili, _c1946 ( _fClarasó) |
||
| 300 |
_a874 p. ; _c23 cm. |
||
| 650 | 4 |
_aPoesías españolas- _yS.XX. _916221 |
|
| 650 | 4 |
_aPoesía hispanoamericana- _yS.XX _916227 |
|
| 700 | 1 |
_aGonzález-Ruano, César, _d1903-1965 _958936 |
|
| 852 |
_aES-MaACL _jB-10623 _bR.22293 |
||
| 999 |
_c24869 _d24869 |
||